Music Quiz

Random Music or Clip Quiz
Score 0/15 Timer 05:00
0 Plays Today
Time Artist % Correct
0:00The Police
99.2%
0:20Michael Jackson
97.5%
1:00Michael Jackson
96.6%
2:20Billy Joel
90.8%
0:50Men at Work
89.8%
1:50Eurythmics
88.2%
0:40Lionel Richie
86.9%
1:10Bonnie Tyler
85%
Time Artist % Correct
2:10David Bowie
79.7%
1:30Kenny Rogers with Dolly Parton
79.3%
1:20Daryl Hall & John Oates
78.3%
0:10Irene Cara
75.6%
0:30Paul McCartney & Michael Jackson
70%
2:00Michael Sembello
49.9%
1:40Patti Austin with James Ingram
25.4%
Remove Ads.
Support Sporcle.
Get the best of Sporcle when you Go Orange. This ad-free experience offers more features, more stats, and more fun while also helping to support Sporcle. Thank you for becoming a member.

You're not logged in!

Compare scores with friends on all Sporcle quizzes.
OR
Log In

Show Comments

Extras

Top Quizzes Today


Score Distribution

Your Account Isn't Verified!

In order to create a playlist on Sporcle, you need to verify the email address you used during registration. Go to your Sporcle Settings to finish the process.

Report this User

Report this user for behavior that violates our Community Guidelines.

Details: